| 000 | 00867nam a2200229 i 4500 | ||
|---|---|---|---|
| 001 | 61645 | ||
| 003 | ES-MaACL | ||
| 005 | 20251109132608.0 | ||
| 007 | t| | ||
| 008 | 031113s1929 sp ||||1| spa d | ||
| 100 | 1 |
_aFarabeuf, Louis Hubert, _d1841-1910 _9154659 |
|
| 245 | 1 | 0 |
_aIntroducción al estudio clínico y a la práctica de los partos / _cpor L.H. Farabeuf y Enrique Varmier ; prefacio de A. Pinard ; traducción de la 4º edición francesa de Manuel Portaceli y Ortells. |
| 250 | _a3ª ed. | ||
| 260 |
_aBarcelona : _b[s.n.], _c1929 ( _fImp. Clarasó) |
||
| 300 |
_aVIII, 480 p. ; _c27 cm. |
||
| 650 | 7 |
_aObstetricia _2embne _915676 |
|
| 700 | 1 |
_aPortaceli y Ortells, Manuel. _993185 |
|
| 700 | 1 |
_aVarnier, Henri, _d1859-1902 _9154660 |
|
| 700 | 1 |
_aPinard, Adolphe, _d1844-1934 _9154655 |
|
| 852 |
_aES-MaACL _jE-1284 |
||
| 999 |
_c61645 _d61645 |
||